Annual report 2020 (Record no. 290134)

MARC details
000 -LEADER
fixed length control field 00617nam a22002297a 4500
003 - CONTROL NUMBER IDENTIFIER
control field OSt
082 ## - DEWEY DECIMAL CLASSIFICATION NUMBER
Classification number ICAR DCR/AR 2020
245 ## - TITLE STATEMENT
Title Annual report 2020
260 ## - PUBLICATION, DISTRIBUTION, ETC. (IMPRINT)
Place of publication, distribution, etc Karnataka
Name of publisher, distributor, etc Directorate of Cashew Research
Date of publication, distribution, etc 2021
300 ## - PHYSICAL DESCRIPTION
Extent viii, 106p.
546 ## - LANGUAGE
Language note English
650 ## - SUBJECT ADDED ENTRY--TOPICAL TERM
Topical term or geographic name as entry element Crop improvement
650 ## - SUBJECT ADDED ENTRY--TOPICAL TERM
Topical term or geographic name as entry element Crop management
650 ## - SUBJECT ADDED ENTRY--TOPICAL TERM
Topical term or geographic name as entry element Crop protection
650 ## - SUBJECT ADDED ENTRY--TOPICAL TERM
Topical term or geographic name as entry element Post harvest technology
650 ## - SUBJECT ADDED ENTRY--TOPICAL TERM
Topical term or geographic name as entry element Human resource development and capacity building
700 ## - ADDED ENTRY--PERSONAL NAME
Personal name Vanitha, K
700 ## - ADDED ENTRY--PERSONAL NAME
Personal name Mohana, G S
700 ## - ADDED ENTRY--PERSONAL NAME
Personal name Shamsudheen Mangalaserry
700 ## - ADDED ENTRY--PERSONAL NAME
Personal name Siddanna Savadi eds.
942 ## - ADDED ENTRY ELEMENTS (KOHA)
Source of classification or shelving scheme Dewey Decimal Classification
Koha item type Report
Holdings
Lost status Source of classification or shelving scheme Damaged status Not for loan Collection code Home library Current library Shelving location Date acquired Total Checkouts Full call number Barcode Date last seen Koha item type
  Dewey Decimal Classification     Reports KAU Central Library, Thrissur KAU Central Library, Thrissur Reports 24/01/2023   ICAR DCR/AR 2020 811952 24/01/2023 Report
Kerala Agricultural University Central Library
Thrissur-(Dt.), Kerala Pin:- 680656, India
Ph : (+91)(487) 2372219
E-mail: librarian@kau.in
Website: http://library.kau.in/